MARC

LEADER 00000nam0a2200000 4500
001 89817
005 20231031103207.0
035 |a (RuTPU)RU\TPU\book\96352 
090 |a 89817 
100 |a 20060128d1962 m y0rusy50 ca 
101 1 |a rus  |c eng  |c chi 
102 |a RU 
105 |a a z 000zy 
200 1 |a Древнейшие породы Китая  |e сборник статей  |f под ред. Б. М. Келлера 
210 |a Москва  |c Изд-во иностранной литературы  |d 1962 
215 |a 307 с.  |c ил. 
320 |a Библиография в конце статей 
610 1 |a докембрийские отложения 
610 1 |a Китай 
610 1 |a синийские отложения 
610 1 |a тектоническое районирование 
675 |a 551.72  |v 3 
702 1 |a Келлер  |b Б. М.  |g Борис Максимович  |4 340 
801 1 |a RU  |b 63413507  |c 20060128  |g PSBO 
801 2 |a RU  |b 63413507  |c 20060414  |g PSBO 
942 |c BK